| 000 | 02510nam a22002537a 4500 | ||
|---|---|---|---|
| 001 | 35 | ||
| 003 | FISKH | ||
| 005 | 20250411120928.0 | ||
| 008 | 250410b cb ||||| |||| 00| 0 eng d | ||
| 040 |
_cFISKH _akhr _bFISKH _dFISKH |
||
| 050 | _aPZ7 | ||
| 082 | _a895.932 | ||
| 100 | _aSamnang, Mao | ||
| 245 |
_aដកម៉ៃមួយទង / _cនិពន្ធដោយ អ្នកស្រី ម៉ៅ សំណាង |
||
| 250 | _aចេញផ្សាយឆ្នាំ ២០០៩ | ||
| 260 |
_aភ្នំពេញ : _bបណ្ណាល័យ សុរិយារង្សី , _c2009 . |
||
| 300 |
_a153 pages : _c21 cm. _billustrations ; |
||
| 520 | _aសង្ខេបរឿង៖ រឿងនេះប្រាប់អំពីស្នេហាពិតរបស់ស្រីស្រស់ស្អាតឈ្មោះ “លក្ខិណា” ដែលមានជីវិតសាមញ្ញនៅជនបទ។ នាងជួបនឹងបុរសម្នាក់ឈ្មោះ “រដ្ឋា” ដែលជាអ្នកមានមកពីទីក្រុងធំ។ ពួកគេជាប់ស្នេហាគ្នាជាមួយភាពស្មោះត្រង់ ប៉ុន្តែជួបការប្រឈមជាច្រើន ដោយសារប្រជាជនជុំវិញ មតិរបស់គ្រួសារ និងការលំបាកជាច្រើន។ ទោះបីជាប្រឈមបែបណា ស្នេហារបស់ពួកគេនៅតែឈ្នះបានការលំបាកទាំងអស់ ហើយបញ្ចប់ដោយការរួមជីវិតគ្នា។ | ||
| 520 | _aThis story follows the life of a beautiful and kind-hearted village girl named Lakhina. She leads a simple life until she meets Radtha, a wealthy man from the city who visits the countryside. Despite coming from very different worlds, the two fall deeply in love. Their relationship faces many obstacles—disapproval from families, pressure from society, and the hardships of long distance. However, their love proves to be strong and resilient. In the end, after many trials, they are able to overcome all the challenges and start a new life together. | ||
| 650 |
_aដកម៉ៃមួយទង _vប្រលោមលោកមនោសញ្ចេតនា |
||
| 650 |
_aDork mai mouy torng _vRoman Novel |
||
| 942 |
_2ddc _cBK _n0 |
||
| 999 |
_c35 _d35 |
||